| 000 | 00903nam a2200265Ia 4500 | ||
|---|---|---|---|
| 999 |
_c5958 _d5958 |
||
| 005 | 20240530095312.0 | ||
| 008 | 140319s9999 xx 000 0 ara d | ||
| 017 | _bمصر. دار الكتب | ||
| 040 |
_aGCL / _cGCL |
||
| 082 | 0 | 4 |
_a301.154 _bع ا _221 |
| 100 | 1 | _aعزيزة عبده | |
| 245 | 1 | 0 |
_aالاعلام السياسى والراى العام : _bدراسة فى ترتيب الاولويات / _cعزيزة عبده |
| 250 | _aالاولى | ||
| 260 |
_aالقاهرة : _c2004 |
||
| 300 |
_a426 ص ؛ _c24 سم |
||
| 650 | 0 | 4 |
_aالصحافة _2qrmak |
| 650 | 0 | 4 |
_aالاتصال _2qrmak |
| 650 | 0 | 4 |
_aوسائل الاعلام _2qrmak |
| 650 | 0 | 4 |
_aالراى العام _2qrmak |
| 650 | 0 | 4 |
_aعلم النفس السياسى _2qrmak |
| 650 | 0 | 4 |
_aالصحف _2qrmak |
| 650 | 0 | 4 |
_aالصحافة - الجوانب السياسية _2qrmak |
| 651 | _2qrmak | ||
| 942 |
_2ddc _cBK |
||